00957nam a2200193Ia 4500952009300000999001700093008004100110050001900151100003800170245008200208250001800290260003300308300001900341490003800360505029700398519004500695650001600740942000700756 00104070a11b11d2007-01-08l0oB1034 I6 P7p11 002529r2012-06-26t1w2012-06-26yLB c69794d69794120626s1947 ag 000 0 spa d aB1034 bI6 P7  aIngenieros Josed1877-1925eautor aProposiciones relativas al porvenir de la filosofía c/ José Ingenieros a3a edición  aArgentinab: Losada c; 1947 a118 páginas  aBiblioteca contemporáneav: 189 aLa hipocresía de los filósofos La crisis filosófica del siglo XIX Hermenéutica y paleo-metafísica Perennidad de lo inexperiencial Los problemas de la metafísica La metafísica del porvenir El lenguaje filosófico La arquitectónica Los ideales humanos Proposiciones  aMaterial complementario / d (11 002529) 0aFILOSOFÍA cLB